[Event "Navarra-chTA"]
[Site "Pamplona"]
[Date "2015.10.10"]
[Round "1.2"]
[White "Insausti Goni, Sebastian"]
[Black "Iraneta Unzue, Iker"]
[Result "0-1"]
[WhiteElo "1885"]
[BlackElo "2051"]
[PlyCount "36"]
[EventDate "2015.10.10"]
[EventType "team-tourn"]
[EventRounds "7"]
[EventCountry "ESP"]
[SourceTitle "CBM 169 Extra"]
[Source "ChessBase"]
[SourceDate "2015.12.18"]
[SourceVersion "1"]
[SourceVersionDate "2015.12.18"]
[SourceQuality "1"]
[WhiteTeam "Arrano Elkartea"]
[BlackTeam "San Juan"]
[WhiteTeamCountry "ESP"]
[BlackTeamCountry "ESP"]

1. e4 e5 2. f4 d5 3. Nf3 dxe4 4. Nxe5 Bd6 5. Bc4 Bxe5 6. Qh5 Qe7 7. fxe5 Nc6 8. Nc3 Nxe5 9. Nd5 Bg4 10. Qxg4 Nxg4 11. Nxe7 Nxe7 12. 0-0 Ne5 13. Bb3 Rf8 14. d4 exd3 15. Bf4 N7g6 16. Rae1 f6 17. cxd3 0-0-0 18. Rc1 Nxf4 0-1